<?xml version="1.0" encoding="UTF-8"?>
<record
    xmlns:xsi="http://www.w3.org/2001/XMLSchema-instance"
    xsi:schemaLocation="http://www.loc.gov/MARC21/slim http://www.loc.gov/standards/marcxml/schema/MARC21slim.xsd"
    xmlns="http://www.loc.gov/MARC21/slim">

  <leader>01196nam a22001577a 4500</leader>
  <controlfield tag="008">170719b        xxu||||| |||| 00| 0 eng d</controlfield>
  <datafield tag="020" ind1=" " ind2=" ">
    <subfield code="a">9789211128734</subfield>
  </datafield>
  <datafield tag="050" ind1=" " ind2=" ">
    <subfield code="a">HG4538.W675</subfield>
  </datafield>
  <datafield tag="100" ind1=" " ind2=" ">
    <subfield code="a">United Nations</subfield>
  </datafield>
  <datafield tag="245" ind1=" " ind2=" ">
    <subfield code="a">World investment report 2014: Investing in the  SDGs: an action plan. /</subfield>
  </datafield>
  <datafield tag="260" ind1=" " ind2=" ">
    <subfield code="a">New York:</subfield>
    <subfield code="b">United Nation,</subfield>
    <subfield code="c">2014.</subfield>
  </datafield>
  <datafield tag="300" ind1=" " ind2=" ">
    <subfield code="a">xxxv,228p.:</subfield>
    <subfield code="b">ils.;</subfield>
    <subfield code="c">30 cm.</subfield>
  </datafield>
  <datafield tag="500" ind1=" " ind2=" ">
    <subfield code="a">Includes index.</subfield>
  </datafield>
  <datafield tag="505" ind1=" " ind2=" ">
    <subfield code="a">Contents:Global investment trends: Current trends -- Prospects -- Trends in international production -- Regional investment trends: Introduction -- Regional trends -- Trends in structurally weak, vulnerable and small economies -- Recent policy developments and key issues: National investment policies -- International investment policies -- Investing in the SDGs: An action plan for promoting private sector contributions: Introduction -- The inestment gap and private sector potential -- Investing in SDGs: A call for leadership -- Mobilizing funds for invetments in the SDGs -- Challenging investment into the SDGs -- Ensuring sustainable development impact of investment in the SDGs -- An action plan for private sector investment in the SDGs.</subfield>
  </datafield>
  <datafield tag="942" ind1=" " ind2=" ">
    <subfield code="2">lcc</subfield>
    <subfield code="c">BK</subfield>
  </datafield>
  <datafield tag="999" ind1=" " ind2=" ">
    <subfield code="c">6436</subfield>
    <subfield code="d">13936</subfield>
  </datafield>
  <datafield tag="952" ind1=" " ind2=" ">
    <subfield code="0">0</subfield>
    <subfield code="1">0</subfield>
    <subfield code="2">lcc</subfield>
    <subfield code="4">0</subfield>
    <subfield code="7">0</subfield>
    <subfield code="a">WIUC-1</subfield>
    <subfield code="b">WIUC-1</subfield>
    <subfield code="c">United Nations</subfield>
    <subfield code="d">2017-07-19</subfield>
    <subfield code="l">0</subfield>
    <subfield code="o">HG4538.W675</subfield>
    <subfield code="p">25/BK/17</subfield>
    <subfield code="r">2017-07-19 00:00:00</subfield>
    <subfield code="t">1</subfield>
    <subfield code="w">2017-07-19</subfield>
    <subfield code="y">BK</subfield>
  </datafield>
</record>
